| 000 | 00831nam a2200205Ii 4500 | ||
|---|---|---|---|
| 003 | JO-AjNU | ||
| 008 | 230605s9999||||xx |||||||||||||| ||und|| | ||
| 040 |
_aJO-AjNU _bara _erda _cJO-AjNU |
||
| 041 | _aara | ||
| 050 | 1 | 4 | _aLC3993.S52 2005 |
| 100 | 3 |
_aالشيخلي،خالد خليل, _eauthor _921660 |
|
| 245 | 0 | 0 | _aالأطفال الموهوبون والمتفوقون:أساليب إكتشافهم وطرائق رعايتهم |
| 250 | _aط1 | ||
| 264 | 3 | 1 | _aالعين دار الكتاب الجامعي،2005 |
| 300 | _a304ص | ||
| 336 |
_atext _btxt _2rdacontent |
||
| 337 |
_aunmediated _bn _2rdamedia |
||
| 338 |
_avolume _bnc _2rdacarrier |
||
| 650 | 4 |
_aالأطفال الموهوبون-رعاية وعلاج-الأطفال الموهوبون. -تعليم-الأطفال الموهوبون-علم نفس _921661 |
|
| 999 |
_aA7561 _c11129 _d11129 |
||